Statistiques concernant Capitales d'Océanie - Quiz

Cliquez ici pour prendre le quiz!

Statistiques générales

  • Ce quiz a été pris 44 663 fois
  • Le résultat moyen est 6 sur 14

Réponses sur la Carte

Les réponses sont colorées sur une échelle allant du rouge au vert en fonction du pourcentage des utilisateurs qui les ont devinées à leur premier essai. Vous pouvez retrouver ces pourcentages ci-dessous.
 

Statistiques - réponses

PaysCapitale% Correct
AustralieCanberra
99%
Nouvelle-ZélandeWellington
81%
Papouasie-Nouvelle-GuinéePort Moresby
49%
FidjiSuva
46%
VanuatuPort-Vila
41%
TuvaluFunafuti
38%
SamoaApia
37%
NauruYaren
36%
MicronésiePalikir
35%
TongaNuku'alofa
34%
KiribatiTarawa
32%
SalomonHoniara
31%
PalaosNgerulmud
31%
Îles MarshallMajuro
30%

Distribution des résultats

Percentile par nombre de réponses

% des personnes avec chaque résultat

Votre développement - résultats

Vous n’avez pas pris ce quiz